000 00467nam a2200181Ia 4500
005 20250326141529.0
008 250326s9999 xx 000 0 und d
037 _aTextbook
040 _aFMSL
_beng
_cFMSL
041 _aeng
_2eng
084 _qFMSL
100 _aMankar V G
245 0 _aEconomic policy and planning
_cMankar V G
260 _aNew Delhi
_bNew Delhi, Wiley Eastern Ltd.
_c1990
300 _a436p
942 _cTB
999 _c1290742
_d1290742